000
00299nam a22001097a 4500
100
_a
Warnes, Alan
245
_a
Pakistan Air Force:
_b
Attaining New Heights /
_c
Alan Warnes
260
_a
Islamabad :
_b
The Army Press,
_c
2016.
300
_a
238 p. ;
_c
25 cm.
563
_a
H.B.
942
_2
ddc
_c
BK
999
_c
593155
_d
593155